| Tag |
First Indicator |
Second Indicator |
Subfields |
| LEADER |
00000cam a2200000 i 4500 |
| 001 |
in00003598513 |
| 005 |
20211120173228.0 |
| 006 |
m o d f |
| 007 |
cr ||||||||||| |
| 008 |
110925s2011 txua ob f000 0 eng c |
| 035 |
|
|
|a (OCoLC)ocn754550182
|
| 040 |
|
|
|a DID
|b eng
|e rda
|e pn
|c DID
|d DID
|d OCLCO
|d GPO
|d OCLCO
|d GPO
|d MvI
|
| 042 |
|
|
|a pcc
|
| 043 |
|
|
|a n-us---
|
| 049 |
|
|
|a WWW
|
| 074 |
|
|
|a 0351-A (online)
|
| 086 |
0 |
|
|a D 104.2:IN 5
|
| 245 |
0 |
0 |
|a Dismounted complex blast injury :
|b report of the Army Dismounted Complex Blast Injury Task Force /
|c prepared by the Dismounted Complex Blast Injury Task Force for the Army Surgeon General.
|
| 246 |
3 |
0 |
|a Report of the Army Dismounted Complex Blast Injury Task Force.
|
| 264 |
|
1 |
|a Fort Sam Houston, TX :
|b Dismounted Complex Blast Injury Task Force,
|c 2011.
|
| 300 |
|
|
|a 1 online resource (87 unnumbered pages) :
|b color illustrations
|
| 336 |
|
|
|a text
|b txt
|2 rdacontent
|
| 337 |
|
|
|a computer
|b c
|2 rdamedia
|
| 338 |
|
|
|a online resource
|b cr
|2 rdacarrier
|
| 500 |
|
|
|a "18 June 2011."
|
| 500 |
|
|
|a Title from title screen (viewed August 4, 2015).
|
| 504 |
|
|
|a Includes bibliographical references (pages B-1-B-6).
|
| 650 |
|
0 |
|a Blast injuries
|x Treatment.
|
| 650 |
|
0 |
|a War wounds
|x Prevention.
|
| 650 |
|
0 |
|a Medicine, Military
|z United States.
|
| 710 |
1 |
|
|a United States.
|b Army Dismounted Complex Blast Injury Task Force,
|e issuing body.
|
| 856 |
4 |
0 |
|u https://purl.fdlp.gov/GPO/gpo59642
|t 0
|
| 999 |
f |
f |
|s 2220137e-2c8e-375f-b8fb-4233337071f0
|i 8d0cd8f8-2b40-3ba6-ab9a-d5ebb33b62a0
|t 0
|
| 952 |
f |
f |
|a Texas A&M University
|b College Station
|c Electronic Resources
|d Available Online
|t 0
|e D 104.2:IN 5
|h Superintendent of Documents classification
|
| 998 |
f |
f |
|a D 104.2:IN 5
|t 0
|l Available Online
|